000 01221nam a2200241Ia 4500
999 _c38797
_d38797
001 5159
003 GE_BSU
005 20190422195929.0
008 181216sge ||||196|||||||||||||| ||geo||
040 _cGE_BSU
041 _ageo
080 _a624.04+624.041.2 ა-89
100 _aასტვაცატუროვი, ა
_9346
245 _aსამშენებლო მექანიკა.ნაშენთა ანგარიში მდგრადობაზე და დინამიკურ დატვირთვებზე.
_bნაწ : III /
_cა.ასტვაცატუროვი, რედ. ო. ონიაშვილი.
264 _aთბილისი
_bცოდნა ,
_c1963 .
300 _a296 გვ ;
_c27სმ .
500 _a დანართები.
504 _aბიბლიოგრ. : გვ.293.
653 _aნაშენთა ანგარიში მდგრადობაზე და დინამიკურ დატვირთვებზე
653 _aსამშენებლო მექანიკა.
700 _aო. ონიაშვილი.
_eრედაქტორი
_9351
942 _cBK
_2udc